[Event "Tasmania ch"]
[Site "?"]
[Date "2016.06.11"]
[Round "1.1"]
[White "Lewis, Nigel"]
[Black "Dyer, Alastair"]
[Result "0-1"]
[WhiteElo "1546"]
[BlackElo "2071"]
[PlyCount "98"]
[EventDate "2016.??.??"]
[SourceDate "2016.06.11"]

1. d4 d5 2. Nc3 Nf6 3. e3 Bf5 4. Nf3 c5 5. Bb5+ Nc6 6. Ne5 Qc7 7. Bxc6+ bxc6 8.
Nf3 e6 9. O-O Bd6 10. Ne2 Ne4 11. Ng3 Nxg3 12. fxg3 h5 13. dxc5 Bxc5 14. Nd4
Be4 15. b3 h4 16. Qg4 O-O-O 17. gxh4 g5 18. Bb2 Rxh4 19. Qg3 Bd6 20. Rf4 Bxf4
21. exf4 Qxf4 22. Nxc6 Rd7 23. Be5 Qxg3 24. Bxg3 Rh6 25. c3 f5 26. Ne5 Rdh7 27.
h3 f4 28. Bf2 f3 29. Ng4 Rg6 30. Ne5 fxg2 31. Re1 Rf6 32. Bd4 Rxh3 33. Rxe4
dxe4 34. Kxg2 Rh7 35. Ng4 Rf8 36. a4 a6 37. b4 Rd8 38. Bc5 Rd3 39. c4 Ra3 40.
a5 Kb7 41. Kf2 Rh4 42. Be7 Rxg4 43. b5 Rxa5 44. bxa6+ Rxa6 45. Bc5 Rf4+ 46. Ke3
e5 47. Be7 g4 48. Bg5 Ra3+ 49. Ke2 Rff3 {Black won soon afterwards.} 0-1

[Event "Tasmania ch"]
[Site "?"]
[Date "2016.06.11"]
[Round "1.2"]
[White "Friebe, Martin"]
[Black "Harvey, Reg"]
[Result "1-0"]
[WhiteElo "2071"]
[BlackElo "1538"]
[PlyCount "49"]
[EventDate "2016.??.??"]
[SourceDate "2016.06.11"]

1. e4 Nf6 2. Nc3 d5 3. e5 d4 4. exf6 dxc3 5. bxc3 exf6 6. d4 Bf5 7. Bd3 Bg6 8.
Bf4 Be7 9. Rb1 O-O 10. Qf3 Re8 11. Ne2 Nd7 12. Rxb7 c5 13. O-O cxd4 14. Bxg6
hxg6 15. cxd4 Nb6 16. Rb1 Nd5 17. c4 Nxf4 18. Nxf4 Qxd4 19. Rxe7 Red8 20. Qe4
Qd1+ 21. Rxd1 Rxd1+ 22. Qe1 Rxe1+ 23. Rxe1 Rd8 24. Nd5 Kf8 25. g3 1-0

[Event "Tasmania ch"]
[Site "?"]
[Date "2016.06.11"]
[Round "1.5"]
[White "Kuzmic, Carey"]
[Black "Kuzmic, Dylan"]
[Result "1/2-1/2"]
[WhiteElo "1505"]
[BlackElo "1622"]
[PlyCount "88"]
[EventDate "2016.??.??"]
[SourceDate "2016.06.11"]

1. Nf3 e6 2. c4 b6 3. b3 Bb7 4. Bb2 Nf6 5. Nc3 c5 6. d3 g6 7. e3 Bg7 8. Be2 O-O
9. O-O d5 10. d4 Nbd7 11. Rb1 Rc8 12. Nb5 Ra8 13. Nd6 Bc6 14. Nb5 Bxb5 15. cxb5
Rc8 16. dxc5 Nxc5 17. Ne5 Qd6 18. Nc6 Rc7 19. Be5 Qd7 20. Bxc7 Qxc7 21. Bf3
Nfe4 22. Bxe4 Nxe4 23. Qd3 Nc3 24. Rbc1 Ne4 25. Rc2 Nc5 26. Qe2 Kh8 27. b4 Ne4
28. Rfc1 Qb7 29. a4 Nd6 30. Nd4 Nc4 31. Nc6 Qc7 32. g3 h6 33. Nd4 Qd6 34. Rxc4
dxc4 35. Qxc4 Rd8 36. Nc6 Rd7 37. a5 Kh7 38. Rc2 Bf6 39. axb6 axb6 40. Ra2 Qd1+
41. Kg2 Qd5+ 42. Qxd5 Rxd5 43. Na7 Kg7 44. Rc2 Be7 1/2-1/2

[Event "Tasmania ch"]
[Site "?"]
[Date "2016.06.11"]
[Round "1.6"]
[White "Smith, Andrew"]
[Black "Rumley, William"]
[Result "1-0"]
[WhiteElo "1606"]
[BlackElo "1115"]
[PlyCount "69"]
[EventDate "2016.??.??"]
[SourceDate "2016.06.11"]

1. d4 Nf6 2. c4 g6 3. Nc3 Bg7 4. e4 d6 5. Be2 O-O 6. Be3 c6 7. h4 Re8 8. h5
Nbd7 9. hxg6 fxg6 10. Qd2 e5 11. d5 cxd5 12. cxd5 Re7 13. f3 a6 14. Nh3 Qf8 15.
O-O-O b5 16. Ng5 Bh6 17. Nxh7 Bxe3 18. Nxf6+ Nxf6 19. Qxe3 Bb7 20. Rh6 Qg7 21.
Qg5 Kf7 22. Rdh1 Rc8 23. Kb1 b4 24. Na4 Rec7 25. Nb6 Rb8 26. Nc4 Rbc8 27. Nxd6+
Kf8 28. Rh8+ Ng8 29. Nxc8 Rxc8 30. R1h7 Qxh7 31. Rxh7 Re8 32. Qxg6 Re7 33.
Qxg8+ Kxg8 34. Rxe7 Bc8 35. Re8+ 1-0

[Event "Tasmania ch"]
[Site "?"]
[Date "2016.06.11"]
[Round "2.1"]
[White "Dyer, Alastair"]
[Black "Smith, Andrew"]
[Result "1-0"]
[WhiteElo "2071"]
[BlackElo "1606"]
[PlyCount "55"]
[EventDate "2016.??.??"]
[SourceDate "2016.06.11"]

1. e4 e6 2. d4 d5 3. Nc3 Bb4 4. e5 Ne7 5. Nf3 c5 6. dxc5 Bxc3+ 7. bxc3 Qa5 8.
Bd2 Qxc5 9. Bd3 Nbc6 10. O-O O-O 11. Re1 b6 12. Bxh7+ Kh8 13. Bd3 f5 14. Ng5 g6
15. Qf3 Kg7 16. Rab1 Rb8 17. Rb3 d4 18. Rb5 Qa3 19. Bc4 Qa4 20. Qe2 Rd8 21.
Rbb1 Nd5 22. Bb5 Qxc2 23. Bxc6 dxc3 24. Be3 Nxe3 25. Qxe3 Rd3 26. Qf4 Ba6 27.
Qb4 Kh6 28. Qh4+ 1-0

[Event "Tasmania ch"]
[Site "?"]
[Date "2016.06.11"]
[Round "2.3"]
[White "Bonham, Kevin"]
[Black "Little, Ian"]
[Result "1/2-1/2"]
[WhiteElo "1886"]
[BlackElo "1549"]
[PlyCount "60"]
[EventDate "2016.??.??"]
[SourceDate "2016.06.11"]

1. c4 e5 2. Nc3 Nf6 3. g3 d5 4. cxd5 Nxd5 5. Bg2 Nb6 6. d3 Nc6 7. Nf3 f6 8. O-O
Be6 9. a3 Qd7 10. Re1 O-O-O 11. b4 Be7 12. Na4 Nxa4 13. Qxa4 Kb8 14. Qc2 g5 15.
Be3 h5 16. Nd2 Bd5 17. Ne4 Nd4 18. Bxd4 exd4 19. Rec1 f5 20. Nc5 Bxc5 21. Bxd5
Qxd5 22. Qxc5 Rh7 23. Rc2 f4 24. Rac1 b6 25. Qc6 Rd6 26. Qxd5 Rxd5 {(=)} 27.
Rc6 fxg3 28. fxg3 Re7 29. R1c2 a5 30. Rh6 g4 1/2-1/2

[Event "Tasmania ch"]
[Site "?"]
[Date "2016.06.11"]
[Round "2.4"]
[White "Kuzmic, Dylan"]
[Black "McMahon, Denis"]
[Result "1/2-1/2"]
[WhiteElo "1622"]
[BlackElo "1723"]
[PlyCount "75"]
[EventDate "2016.??.??"]
[SourceDate "2016.06.11"]

1. e4 d5 2. e5 c5 3. Nf3 Nc6 4. Bb5 Bd7 5. Bxc6 Bxc6 6. d4 e6 7. c3 Qd7 8. Be3
c4 9. Nbd2 Ne7 10. b3 b5 11. O-O Nf5 12. Re1 Be7 13. Bg5 O-O 14. Bxe7 Qxe7 15.
h3 a5 16. Qc2 g6 17. Nh2 Ng7 18. Ng4 Nh5 19. Nf3 f5 20. exf6 Nxf6 21. Nxf6+
Rxf6 22. Re3 Bd7 23. Rae1 b4 24. bxc4 dxc4 25. Ne5 Qd6 26. cxb4 axb4 27. Nxd7
Qxd7 28. Qxc4 Qd5 29. Qxd5 exd5 30. Re8+ Rf8 31. Rxf8+ Kxf8 32. Rb1 Ra4 33. Rb2
Ke7 34. Kf1 Kd6 35. Rc2 Ra6 36. Ke2 Rc6 37. Kd3 Ra6 38. Kd2 1/2-1/2

[Event "Tasmania ch"]
[Site "?"]
[Date "2016.06.11"]
[Round "2.5"]
[White "Lewis, Nigel"]
[Black "Kuzmic, Carey"]
[Result "1-0"]
[WhiteElo "1546"]
[BlackElo "1505"]
[PlyCount "95"]
[EventDate "2016.??.??"]
[SourceDate "2016.06.11"]

1. d4 Nf6 2. Nc3 e6 3. e4 d6 4. Nf3 Nbd7 5. Bd3 Be7 6. Be3 O-O 7. h3 c5 8. dxc5
Nxc5 9. Bxc5 dxc5 10. Qe2 a6 11. Rd1 Qc7 12. e5 Nd5 13. Qe4 f5 14. exf6 Nxf6
15. Qh4 h6 16. O-O Nh7 17. Qe4 Nf6 18. Qg6 Bd7 19. Ne4 Nxe4 20. Bxe4 Rf6 21.
Qh7+ Kf7 22. Nh4 Bf8 23. Nf3 Bc6 24. Bxc6 bxc6 25. Rd7+ Qxd7 26. Ne5+ Ke7 27.
Nxd7 Kxd7 28. Rd1+ Ke7 29. Qd3 Kf7 30. Qd7+ Kg8 31. Qxc6 Rb8 32. b3 a5 33. Rd3
a4 34. Qxa4 Rb4 35. Qc6 Rbf4 36. f3 R4f5 37. a4 Re5 38. Kf2 c4 39. Rd8 Ref5 40.
Qxc4 Kh7 41. b4 Re5 42. a5 Be7 43. Qd3+ Rff5 44. Rd4 Kg8 45. a6 Bg5 46. a7 Rf8
47. f4 Ref5 48. g3 {White won} 1-0

[Event "Tasmania ch"]
[Site "?"]
[Date "2016.06.11"]
[Round "3.1"]
[White "Friebe, Martin"]
[Black "Dyer, Alastair"]
[Result "1-0"]
[WhiteElo "2071"]
[BlackElo "2071"]
[PlyCount "55"]
[EventDate "2016.??.??"]
[SourceDate "2016.06.11"]

1. e4 d5 2. e5 c5 3. d3 Nc6 4. f4 f6 5. exf6 Nxf6 6. Nf3 Bg4 7. Be2 e6 8. Ne5
Nxe5 9. fxe5 Bxe2 10. Qxe2 Nd7 11. O-O Qb6 12. c4 Be7 13. Nc3 d4 14. Ne4 O-O-O
15. Rf7 Rde8 16. Rxg7 Nxe5 17. Bg5 Ng6 18. Rf1 Bf8 19. Rgf7 Ne5 20. R7f2 Nd7
21. Nf6 Nxf6 22. Rxf6 Bg7 23. Rf7 Rhg8 24. Qe4 Qxb2 25. Bf4 e5 26. Qf5+ Kb8 27.
Rxg7 Rxg7 28. Bxe5+ 1-0

[Event "Tasmania ch"]
[Site "?"]
[Date "2016.06.11"]
[Round "3.2"]
[White "Kuzmic, Dylan"]
[Black "Bonham, Kevin"]
[Result "0-1"]
[WhiteElo "1622"]
[BlackElo "1886"]
[PlyCount "48"]
[EventDate "2016.??.??"]
[SourceDate "2016.06.11"]

1. e4 e6 2. Nf3 d5 3. exd5 exd5 4. d4 Bd6 5. Nc3 c6 6. Bd3 Ne7 7. Be3 Bf5 8.
Bxf5 Nxf5 9. Qd3 Nh4 10. Nxh4 Qxh4 11. O-O-O Nd7 12. Qd2 O-O 13. g3 Qd8 14. Ne2
Nb6 15. b3 a5 16. c3 Re8 17. Qd3 a4 18. b4 Nc4 19. Bf4 Re4 20. Rde1 Qe7 21.
Bxd6 Nxd6 22. Kd1 Nc4 23. Qc2 Re8 24. h4 a3 0-1

[Event "Tasmania ch"]
[Site "?"]
[Date "2016.06.11"]
[Round "3.3"]
[White "Little, Ian"]
[Black "Harvey, Reg"]
[Result "1-0"]
[WhiteElo "1549"]
[BlackElo "1538"]
[PlyCount "71"]
[EventDate "2016.??.??"]
[SourceDate "2016.06.11"]

1. e4 g6 2. d4 Bg7 3. Nf3 d6 4. c4 c5 5. Nc3 cxd4 6. Nxd4 Nc6 7. Be3 Nf6 8. f3
Qb6 9. Na4 Qa5+ 10. Bd2 Qc7 11. Nc2 Bd7 12. Nc3 O-O 13. Be2 a6 14. O-O Be6 15.
Rc1 Nd7 16. Nd5 Bxd5 17. cxd5 Nd4 18. Nxd4 Bxd4+ 19. Kh1 Qb6 20. Qa4 Qxb2 21.
Rc2 b5 22. Rxb2 bxa4 23. Rb4 Bf6 24. Rxa4 Nc5 25. Rb4 a5 26. Rb5 a4 27. Be3
Rfb8 28. Rfb1 Rxb5 29. Rxb5 Rc8 30. g3 a3 31. Kg2 Bb2 32. Ra5 Nb7 33. Ra7 Rc2
34. Kf2 Nc5 35. Bh6 Bd4+ 36. Kf1 1-0

[Event "Tasmania ch"]
[Site "?"]
[Date "2016.06.11"]
[Round "3.5"]
[White "Rumley, William"]
[Black "Lewis, Nigel"]
[Result "1-0"]
[WhiteElo "1115"]
[BlackElo "1546"]
[PlyCount "101"]
[EventDate "2016.??.??"]
[SourceDate "2016.06.11"]

1. e4 e5 2. Nf3 d6 3. Bc4 Be7 4. c3 h6 5. Qb3 Be6 6. Bxe6 fxe6 7. Qxe6 Nf6 8.
d4 Nbd7 9. dxe5 dxe5 10. Nxe5 Nxe5 11. Qxe5 O-O 12. f3 Qd7 13. O-O Rae8 14. Qg3
Kh7 15. Be3 b6 16. Nd2 c5 17. Rad1 Qb5 18. b3 Qc6 19. Nc4 Nd7 20. Qh3 Nf6 21.
Ne5 Qc8 22. Qxc8 Rxc8 23. Nd7 Rf7 24. Nxf6+ Bxf6 25. c4 Rcc7 26. Rd3 a6 27.
Rfd1 b5 28. cxb5 axb5 29. Rd5 c4 30. Rxb5 cxb3 31. Rxb3 Rfe7 32. Rc1 Rxc1+ 33.
Bxc1 Bd4+ 34. Be3 Bf6 35. Kf2 Rc7 36. Kg3 Be7 37. Rb1 Rc2 38. Rb7 Bd6+ 39. Kh3
Rxa2 40. Bd4 Kg8 41. Rxg7+ Kf8 42. Rg6 Bb4 43. Rxh6 Bd2 44. Rf6+ Ke7 45. Rb6
Ra5 46. Bf6+ Kf7 47. Bh4 Be3 48. Rf6+ Kg7 49. Rf5 Ra6 50. e5 Bd4 51. Bf6+ {
White won} 1-0

[Event "Tasmania ch"]
[Site "?"]
[Date "2016.06.11"]
[Round "3.6"]
[White "McMahon, Denis"]
[Black "Kuzmic, Carey"]
[Result "1-0"]
[WhiteElo "1723"]
[BlackElo "1505"]
[PlyCount "87"]
[EventDate "2016.??.??"]
[SourceDate "2016.06.11"]

1. e4 c5 2. b3 Nc6 3. Bb2 d6 4. f4 Nf6 5. Nc3 a6 6. a4 Bd7 7. Nf3 Nh5 8. Bc4 e6
9. Ne2 Nf6 10. Nc3 g6 11. O-O Bg7 12. Qe2 O-O 13. e5 dxe5 14. fxe5 Ng4 15. Nd1
Qc7 16. Re1 Nb4 17. Rc1 b5 18. axb5 axb5 19. Bxb5 Bxb5 20. Qxb5 Ra2 21. c3 Ra5
22. Qe2 Nc6 23. d4 Ne7 24. b4 Raa8 25. bxc5 Nd5 26. h3 Nh6 27. g4 Nf4 28. Qf1
f6 29. exf6 Rxf6 30. g5 Rff8 31. gxh6 Bxh6 32. Ne5 Qe7 33. Nf2 Qh4 34. Neg4
Qg3+ 35. Kh1 Qf3+ 36. Kh2 Ne2 37. Nxh6+ Kg7 38. Rxe2 Qf4+ 39. Kg1 Qxh6 40. Rce1
Qh4 41. Rxe6 Rf3 42. R6e4 Rg3+ 43. Kh2 Rxh3+ 44. Nxh3 1-0

[Event "Tasmania ch"]
[Site "?"]
[Date "2016.06.12"]
[Round "4.1"]
[White "Bonham, Kevin"]
[Black "Friebe, Martin"]
[Result "1/2-1/2"]
[WhiteElo "1886"]
[BlackElo "2071"]
[PlyCount "40"]
[EventDate "2016.??.??"]
[SourceDate "2016.06.11"]

1. Nf3 d5 2. g3 Bf5 3. Bg2 e6 4. c4 c6 5. d4 Bxb1 6. Rxb1 dxc4 7. O-O Qa5 8. a3
Nd7 9. Qc2 Ngf6 10. Qxc4 Nb6 11. Qc2 Qf5 12. Ne1 Qxc2 13. Nxc2 Bd6 14. f4 O-O
15. e4 Be7 16. h3 c5 17. dxc5 Bxc5+ 18. Be3 Rac8 19. Rfd1 Bxe3+ 20. Nxe3 Rfd8 {
(=)} 1/2-1/2

[Event "Tasmania ch"]
[Site "?"]
[Date "2016.06.12"]
[Round "4.2"]
[White "Dyer, Alastair"]
[Black "Little, Ian"]
[Result "1-0"]
[WhiteElo "2071"]
[BlackElo "1549"]
[PlyCount "73"]
[EventDate "2016.??.??"]
[SourceDate "2016.06.11"]

1. e4 c5 2. d4 cxd4 3. c3 dxc3 4. Nxc3 Nc6 5. Bc4 e6 6. Nf3 d6 7. O-O Be7 8.
Qe2 Nf6 9. Rd1 O-O 10. e5 Nd7 11. exd6 Bf6 12. Ne4 Nce5 13. Bb3 Nxf3+ 14. Qxf3
Rb8 15. Be3 b6 16. Rac1 Bb7 17. Nxf6+ Qxf6 18. Qg3 Qg6 19. Rc7 Qxg3 20. hxg3
Nf6 21. Bg5 Nd5 22. Bxd5 Bxd5 23. Be7 Rfc8 24. Rxc8+ Rxc8 25. d7 Ra8 26. Rxd5
exd5 27. d8=Q+ Rxd8 28. Bxd8 f6 29. Kf1 Kf7 30. Ke2 Ke6 31. Bc7 Kd7 32. Bf4 Kc6
33. Kd3 Kc5 34. Be3+ Kd6 35. Kd4 g5 36. g4 h6 37. Bd2 1-0

[Event "Tasmania ch"]
[Site "?"]
[Date "2016.06.12"]
[Round "4.4"]
[White "Smith, Andrew"]
[Black "McMahon, Denis"]
[Result "1/2-1/2"]
[WhiteElo "1606"]
[BlackElo "1723"]
[PlyCount "58"]
[EventDate "2016.??.??"]
[SourceDate "2016.06.11"]

1. c4 b6 2. b3 e6 3. Bb2 Bb7 4. Nf3 Bxf3 5. gxf3 Nf6 6. d4 Bb4+ 7. Nd2 d5 8. a3
Be7 9. e4 c6 10. Rg1 Nh5 11. Qc2 Nf4 12. Rg4 g5 13. Nb1 Nd7 14. Nc3 Nf8 15. Ne2
N8g6 16. Bc1 h5 17. Rg1 Qc7 18. e5 O-O-O 19. Nxf4 gxf4 20. Rxg6 fxg6 21. Qxg6
dxc4 22. Bxc4 Rxd4 23. Qxe6+ Kb8 24. Bb2 Rdd8 25. Qf5 Rdf8 26. Qd3 b5 27. Be6
Rd8 28. Qe4 Rh6 29. Bf5 Bg5 {(=)} 1/2-1/2

[Event "Tasmania ch"]
[Site "?"]
[Date "2016.06.12"]
[Round "4.5"]
[White "Harvey, Reg"]
[Black "Kuzmic, Dylan"]
[Result "1-0"]
[WhiteElo "1538"]
[BlackElo "1622"]
[PlyCount "75"]
[EventDate "2016.??.??"]
[SourceDate "2016.06.11"]

1. d4 e6 2. e3 b6 3. f4 Bb7 4. Nf3 Nf6 5. Bd3 g6 6. Nbd2 Bg7 7. b3 Nd5 8. Nb1
O-O 9. O-O d6 10. Qe1 Nd7 11. c4 Nxf4 12. Bc2 Nh5 13. Bb2 Rc8 14. Nbd2 c5 15.
Rb1 d5 16. Bd3 Nhf6 17. e4 dxe4 18. Nxe4 Nxe4 19. Bxe4 Bxe4 20. Qxe4 cxd4 21.
Nxd4 Nc5 22. Qe3 Qh4 23. Rf4 Bh6 24. Rxh4 Bxe3+ 25. Kf1 Bxd4 26. Bxd4 Rfd8 27.
b4 Nb7 28. Bf6 Rd7 29. Rc1 Rc6 30. Rc3 Rcd6 31. Rc2 Rd1+ 32. Ke2 R1d6 33. c5
bxc5 34. bxc5 Rc6 35. Rhc4 Rd5 36. Rb4 e5 37. Rxb7 Rxf6 38. c6 1-0

[Event "Tasmania ch"]
[Site "?"]
[Date "2016.06.12"]
[Round "5.1"]
[White "Little, Ian"]
[Black "Friebe, Martin"]
[Result "1/2-1/2"]
[WhiteElo "1549"]
[BlackElo "2071"]
[PlyCount "43"]
[EventDate "2016.??.??"]
[SourceDate "2016.06.11"]

1. e4 c5 2. Nf3 e6 3. d4 cxd4 4. Nxd4 a6 5. g3 Qc7 6. Bg2 Nc6 7. Nc3 Nf6 8. O-O
Bc5 9. Nb3 Be7 10. Be3 b5 11. e5 Qxe5 12. Bf4 Qh5 13. Bf3 Qf5 14. Nd4 Qc5 15.
Nxc6 dxc6 16. Be3 Qc4 17. a3 Nd5 18. Bd4 Nxc3 19. Bxc3 O-O 20. Qd4 Qxd4 21.
Bxd4 Bd7 22. Rad1 {(=)} 1/2-1/2

[Event "Tasmania ch"]
[Site "?"]
[Date "2016.06.12"]
[Round "5.2"]
[White "Bonham, Kevin"]
[Black "Dyer, Alastair"]
[Result "1-0"]
[WhiteElo "1886"]
[BlackElo "2071"]
[PlyCount "51"]
[EventDate "2016.??.??"]
[SourceDate "2016.06.11"]

1. Nf3 d5 2. g3 Nf6 3. Bg2 c6 4. d4 Bf5 5. O-O e6 6. c4 Bd6 7. b3 Nbd7 8. Re1
Ne4 9. Ba3 Bxa3 10. Nxa3 Ndf6 11. Ne5 h5 12. f3 Nd6 13. c5 Nc8 14. b4 O-O 15.
b5 cxb5 16. Nxb5 b6 17. Rc1 a6 18. cxb6 Qxb6 19. Nc3 Nd6 20. Na4 Qb4 21. Nc6
Qa3 22. Rc3 Qxa2 23. Nb4 Qb1 24. Qxb1 Bxb1 25. Rxb1 Nb5 26. Rd3 1-0

[Event "Tasmania ch"]
[Site "?"]
[Date "2016.06.12"]
[Round "5.4"]
[White "McMahon, Denis"]
[Black "Harvey, Reg"]
[Result "1-0"]
[WhiteElo "1723"]
[BlackElo "1538"]
[PlyCount "70"]
[EventDate "2016.??.??"]
[SourceDate "2016.06.11"]

1. e4 Nf6 2. e5 Nd5 3. c4 Nb6 4. a4 a5 5. Ra3 d6 6. exd6 Qxd6 7. d4 Qf6 8. Rg3
e6 9. Bg5 Bb4+ 10. Nc3 Qg6 11. Bd8 Qe4+ 12. Re3 Qc6 13. d5 Qxa4 14. Bxc7 Qxd1+
15. Kxd1 Bc5 16. Rg3 O-O 17. Ne4 Na6 18. Be5 f6 19. Nxf6+ Rxf6 20. Bxf6 Kf7 21.
Bc3 g6 22. h4 exd5 23. h5 Bf5 24. hxg6+ Bxg6 25. Nh3 d4 26. Ng5+ Ke7 27. Bxa5
Re8 28. Nxh7 Be4 29. Rg7+ Kd6 30. Rh6+ Re6 31. Rxe6+ Kxe6 32. Ng5+ Ke5 33. Nxe4
Kxe4 34. Bxb6 Bxb6 35. Rxb7 Bc5 1-0

[Event "Tasmania ch"]
[Site "?"]
[Date "2016.06.12"]
[Round "5.5"]
[White "Kuzmic, Carey"]
[Black "Rumley, William"]
[Result "1/2-1/2"]
[WhiteElo "1505"]
[BlackElo "1115"]
[PlyCount "48"]
[EventDate "2016.??.??"]
[SourceDate "2016.06.11"]

1. Nf3 Nf6 2. c4 g6 3. b3 Bg7 4. Bb2 O-O 5. g3 d6 6. Bg2 e5 7. d3 Nbd7 8. O-O
Re8 9. Nbd2 d5 10. cxd5 Nxd5 11. e4 Nb4 12. Nc4 Nc5 13. Nfxe5 Nbxd3 14. Nxd3
Qxd3 15. Qxd3 Nxd3 16. Bxg7 Kxg7 17. Rad1 Nc5 18. e5 Be6 19. f4 Rad8 20. Na5 c6
21. Nc4 Rd7 22. Rxd7 Bxd7 23. Nd6 Rd8 24. Rd1 Bg4 1/2-1/2

[Event "Tasmania ch"]
[Site "?"]
[Date "2016.06.12"]
[Round "6.2"]
[White "Friebe, Martin"]
[Black "McMahon, Denis"]
[Result "1-0"]
[WhiteElo "2071"]
[BlackElo "1723"]
[PlyCount "51"]
[EventDate "2016.??.??"]
[SourceDate "2016.06.11"]

1. e4 d5 2. e5 c5 3. f4 Nc6 4. d3 e6 5. Nf3 d4 6. Nbd2 Nge7 7. Ne4 Nd5 8. g3
Be7 9. Bg2 Bd7 10. O-O Qb6 11. c4 Nc7 12. g4 O-O-O 13. Qe2 Rdf8 14. a3 Na5 15.
b4 Nb3 16. Rb1 Nxc1 17. Rfxc1 cxb4 18. c5 Qa6 19. Nd6+ Kb8 20. axb4 Bxd6 21.
exd6 Nb5 22. Ne5 Kc8 23. Ra1 Nc3 24. Qf3 Qb5 25. Rxa7 Nd5 26. Ra8# 1-0

[Event "Tasmania ch"]
[Site "?"]
[Date "2016.06.12"]
[Round "6.3"]
[White "Rumley, William"]
[Black "Little, Ian"]
[Result "0-1"]
[WhiteElo "1115"]
[BlackElo "1549"]
[PlyCount "60"]
[EventDate "2016.??.??"]
[SourceDate "2016.06.11"]

1. e4 c5 2. Nc3 Nc6 3. f4 e6 4. Nf3 d5 5. e5 f6 6. d4 Qb6 7. Bb5 Bd7 8. Be3
cxd4 9. Nxd4 Nxd4 10. Bxd4 Bc5 11. Bxd7+ Kxd7 12. Bxc5 Qxc5 13. exf6 Nxf6 14.
Qd2 Ng4 15. h3 Qe3+ 16. Qe2 Qg3+ 17. Kf1 Qxf4+ 18. Qf3 Ne3+ 19. Kf2 Qxf3+ 20.
Kxf3 Nxc2 21. Rac1 Rhf8+ 22. Kg3 Ne3 23. Nb5 Nf5+ 24. Kh2 Rfc8 25. Rce1 Rc2 26.
Rc1 Rac8 27. Rcf1 Rxb2 28. Nxa7 Rcc2 29. Rhg1 Kc7 30. a4 Ra2 0-1

[Event "Tasmania ch"]
[Site "?"]
[Date "2016.06.12"]
[Round "6.5"]
[White "Kuzmic, Dylan"]
[Black "Lewis, Nigel"]
[Result "1/2-1/2"]
[WhiteElo "1622"]
[BlackElo "1546"]
[PlyCount "86"]
[EventDate "2016.??.??"]
[SourceDate "2016.06.11"]

1. Nf3 Nc6 2. e4 e5 3. Bc4 h6 4. d4 exd4 5. Nxd4 Ne5 6. Bb3 c5 7. Nf3 Qc7 8.
Nxe5 Qxe5 9. Qd5 Qe7 10. O-O Nf6 11. Qd3 g6 12. Nc3 Bg7 13. f4 O-O 14. e5 Ne8
15. Qxg6 c4 16. Qg3 cxb3 17. axb3 b5 18. Be3 Bb7 19. Nxb5 a6 20. Nd4 Be4 21. c3
Kh7 22. Nf3 a5 23. Qh3 Bxf3 24. Rxf3 Ra6 25. Rd1 d6 26. Qf5+ Kg8 27. Rg3 dxe5
28. fxe5 Re6 29. Bd4 f6 30. exf6 Re1+ 31. Rxe1 Qxe1+ 32. Qf1 Qxf1+ 33. Kxf1
Nxf6 34. Ke2 Rf7 35. Kd3 Rd7 36. Kc2 Nh5 37. Rg4 Kh7 38. Bxg7 Nxg7 39. Ra4 Nf5
40. c4 Ne3+ 41. Kc3 Nd1+ 42. Kc2 Ne3+ 43. Kc3 Nd1+ 1/2-1/2

[Event "Tasmania ch"]
[Site "?"]
[Date "2016.06.12"]
[Round "6.6"]
[White "Harvey, Reg"]
[Black "Kuzmic, Carey"]
[Result "1-0"]
[WhiteElo "1538"]
[BlackElo "1505"]
[PlyCount "77"]
[EventDate "2016.??.??"]
[SourceDate "2016.06.11"]

1. d4 d5 2. e3 Nf6 3. Bd3 g6 4. c3 Bg7 5. Nd2 O-O 6. f4 b6 7. Ngf3 Ba6 8. Qe2
Bxd3 9. Qxd3 Nbd7 10. O-O c5 11. Ne5 c4 12. Qc2 Nxe5 13. fxe5 Ng4 14. Nf3 e6
15. h3 Nh6 16. e4 dxe4 17. Qxe4 Nf5 18. Bf4 b5 19. g4 Ne7 20. g5 Nd5 21. Bd2
Ne7 22. Nh2 Nf5 23. Bf4 Qd5 24. Qxd5 exd5 25. Ng4 a5 26. Nf6+ Bxf6 27. gxf6 b4
28. Rf2 Ra6 29. Rb1 Rb6 30. Bd2 b3 31. a3 a4 32. Rg2 Nh4 33. Rg3 Nf5 34. Rg4 h5
35. Rg5 Kh7 36. Rf1 Rg8 37. Kh2 Rc6 38. Rfxf5 gxf5 39. Rxh5+ 1-0

[Event "Tasmania ch"]
[Site "?"]
[Date "2016.06.13"]
[Round "7.2"]
[White "Friebe, Martin"]
[Black "Smith, Andrew"]
[Result "1-0"]
[WhiteElo "2071"]
[BlackElo "1622"]
[PlyCount "53"]
[EventDate "2016.??.??"]
[SourceDate "2016.06.11"]

1. e4 e6 2. d3 d5 3. Nd2 Nf6 4. f4 c5 5. e5 Nfd7 6. Ngf3 Nc6 7. g3 a5 8. Bg2 a4
9. c4 Nb4 10. Nb1 dxc4 11. dxc4 Nb6 12. Qxd8+ Kxd8 13. Na3 Bd7 14. O-O Bc6 15.
Ng5 Bxg2 16. Kxg2 Ke8 17. Rd1 Be7 18. Ne4 Rd8 19. Rxd8+ Kxd8 20. Be3 Na6 21.
Rd1+ Kc7 22. b3 axb3 23. axb3 f5 24. Nd6 Kc6 25. Nab5 h6 26. h3 Nc8 27. Nxc8
1-0

[Event "Tasmania ch"]
[Site "?"]
[Date "2016.06.13"]
[Round "7.3"]
[White "Bonham, Kevin"]
[Black "Harvey, Reg"]
[Result "1-0"]
[WhiteElo "1886"]
[BlackElo "1538"]
[PlyCount "53"]
[EventDate "2016.??.??"]
[SourceDate "2016.06.11"]

1. e4 g6 2. d4 Bg7 3. c4 d6 4. Nf3 c5 5. Be3 Nc6 6. Nc3 Bg4 7. dxc5 Qa5 8. cxd6
O-O-O 9. Bd2 Qh5 10. dxe7 Ngxe7 11. Be2 Bh6 12. Qc1 Ne5 13. Bxh6 Bxf3 14. gxf3
Rd3 15. Qg5 Nxf3+ 16. Bxf3 Qxf3 17. Rg1 Nf5 18. Qg4 Qxg4 19. Rxg4 Nxh6 20. Rh4
Ng8 21. Nd5 f5 22. exf5 g5 23. Rg4 h6 24. Ke2 Rh3 25. f6 Rh7 26. Re4 Rf7 27.
Ne7+ 1-0

[Event "Tasmania ch"]
[Site "?"]
[Date "2016.06.13"]
[Round "7.4"]
[White "McMahon, Denis"]
[Black "Dyer, Alastair"]
[Result "0-1"]
[WhiteElo "1723"]
[BlackElo "2071"]
[PlyCount "66"]
[EventDate "2016.??.??"]
[SourceDate "2016.06.11"]

1. e4 d5 2. d4 dxe4 3. Nc3 Bf5 4. g4 Bg6 5. h4 h5 6. g5 e6 7. Nh3 Bb4 8. Nf4
Ne7 9. Bc4 Nbc6 10. Nxg6 Nxg6 11. Be3 Qd6 12. a3 Bxc3+ 13. bxc3 Na5 14. Be2 Nf4
15. Bxf4 {(=)} Qxf4 16. Bxh5 g6 17. Bg4 e3 18. Qf3 exf2+ 19. Kxf2 {(=)} Qd2+
20. Qe2 Qxc3 21. Bxe6 Qxd4+ 22. Kg2 Nc6 23. Bd5+ Kf8 24. Bxc6 bxc6 25. Rad1 Qc5
26. Qd3 Re8 27. Rh3 Qd5+ 28. Qxd5 cxd5 29. Rxd5 Re2+ 30. Kg3 Rxc2 31. Ra5 Kg7
32. Rxa7 Rd8 33. a4 Rd3+ 0-1

[Event "Tasmania ch"]
[Site "?"]
[Date "2016.06.13"]
[Round "7.5"]
[White "Rumley, William"]
[Black "Kuzmic, Dylan"]
[Result "0-1"]
[WhiteElo "1115"]
[BlackElo "1622"]
[PlyCount "80"]
[EventDate "2016.??.??"]
[SourceDate "2016.06.11"]

1. e4 e6 2. d4 b6 3. f4 Bb7 4. Nc3 Bb4 5. Nge2 Bxe4 6. a3 Bxc3+ 7. Nxc3 Bb7 8.
Bd2 Qh4+ 9. g3 Qf6 10. Rg1 Qxd4 11. Ne2 Qd6 12. Bc3 Qxd1+ 13. Rxd1 f6 14. Nd4
a6 15. Bh3 Nc6 16. f5 Nxd4 17. Bxd4 e5 18. Bc3 Ne7 19. Ke2 O-O-O 20. Bb4 Nc6
21. Bc3 Rhe8 22. g4 d5 23. Bd2 a5 24. g5 Nd4+ 25. Kf1 Nxc2 26. Rc1 Nd4 27. gxf6
gxf6 28. Bh6 Ba6+ 29. Kf2 Ne2 30. Bg7 Nxg1 31. Rxg1 Rd6 32. Bg4 Rg8 33. Bh5 d4
34. Bf7 Rgd8 35. Be6+ Rxe6 36. fxe6 Re8 37. Bxf6 Rf8 38. e7 Rxf6+ 39. Ke1 Kd7
40. Rg7 Ke8 0-1